000 00369nam a2200157Ia 4500
008 160316s1961 xxu||||| |||| 00| 0 eng d
082 _a823.000000
_bKIP
100 _aKipling Rudyard
245 _athe jungle books
250 _a
260 _aNew Delhi
_bSignet Classic
_c1961
300 _a334p
_b
_cvii
365 _bRs. 60
650 _a1. Fiction
700 _a
_a
999 _c33312
_d33312